LEADER 01018nam0-22003131i-450 001 990001805310403321 005 20191023152523.0 035 $a000180531 035 $aFED01000180531 035 $a(Aleph)000180531FED01 035 $a000180531 100 $a20030910d1980----km-y0itay50------ba 101 0 $aita 102 $aIT 105 $a--------101yy 200 1 $aAtti convegno su: raccolta delle olive e problemi connessi$eSassari, 15-16 settembre 1980$fUniversita degli Studi di Sassari 210 $aSassari$cUniversità degli Studi di Sassari$d1980 215 $a447 p.$d24 cm 610 0 $aMeccanizzazione agricola 610 0 $aOlive 676 $a631.3 710 12$aConvegno su: raccolta delle olive e problemi connessi$f<1980 ;$eSassari>$0357234 801 0$aIT$bUNINA$gRICA$2UNIMARC 901 $aBK 912 $a990001805310403321 952 $a60 631.3 USSS 1980$b6339$fFAGBC 959 $aFAGBC 996 $aAtti convegno su: raccolta delle olive e problemi connessi$9410020 997 $aUNINA